Matatu.

محفوظ في:

التنسيق: دورية

اللغة: Undetermined

الموضوعات:

الوصول للمادة أونلاين: Login to view Source

الوسوم: إضافة وسم

لا توجد وسوم, كن أول من يضع وسما على هذه التسجيلة!

رقم الطلب:

LEADER 00502nms a2200181Ia 4500
005 20240402055229.0
008 240131s9999||||xx |||||||||||||||||und||
999 |c 56495  |d 56495 
022 |a 0932-9714 
022 |a 1875-7421 
245 0 0 |a Matatu. 
336 |2 rdacontent  |a text  |b txt 
337 |2 rdamedia  |a unmediated  |b n 
338 |2 rdacarrier  |a volume  |b n 
500 |a BRILLBRILLJ 
650 4 |a Literary studies: general. 
856 |z MATA  |u https://brill.com/view/journals/mata/mata-overview.xml 
942 |2 lcc  |c EJL